| 000 | 01277nam0a2200325 4500 | ||
|---|---|---|---|
| 001 | RU\NLR\BIBL_A\022615347 | ||
| 005 | 20260420052934.0 | ||
| 010 |
_a978-5-02-041204-0 _91000 |
||
| 021 |
_aRU _bКН-П-25-041697 _9КН-П-25-4061 |
||
| 035 | _a(NLR Aleph) 022615347 | ||
| 090 |
_a13683785 _c13683785 |
||
| 100 | _a20250905d2025 m y0rusy50 ca | ||
| 101 | 0 | _arus | |
| 102 | _aRU | ||
| 105 | _aa z 000yy | ||
| 181 | 0 |
_ai3 _baxxe |
|
| 182 | 0 | _an | |
| 200 | 1 |
_aЗанимательная физика _eв двух книгах _eдля учащихся средних школ _fЯ. И. Перельман |
|
| 203 |
_aТекст _bвизуальный _cнепосредственный |
||
| 210 |
_aМосква _cНаука _d2025 |
||
| 215 |
_a525, [1] с. _cил. _d22 |
||
| 225 | 1 | _aБиблиотека Десятилетия науки и технологий | |
| 606 | 1 |
_aЗанимательная физика _92174935 _3RU\NLR\AUTH\661308097 |
|
| 686 | 1 | _aВ3я92 | |
| 700 | 1 |
_7ca _8rus _aПерельман _bЯ. И. _f1882-1942 _gЯков Исидорович _928413 _3RU\NLR\AUTH\7745475 |
|
| 942 | _cBOOK | ||
| 980 | _aNB | ||